[Event "TUR-chT 2nd League"]
[Site "Denizli"]
[Date "2023.07.14"]
[Round "8.142"]
[White "Erdogan, Yunus Emre"]
[Black "Bek, Emir"]
[Result "1-0"]
[WhiteElo "1816"]
[BlackElo "1837"]
[PlyCount "69"]
[EventDate "2023.07.09"]
[EventType "team-swiss"]
[EventRounds "9"]
[EventCountry "TUR"]
[SourceTitle "CBM 215 Extra"]
[Source "ChessBase"]
[SourceDate "2023.09.30"]
[SourceVersion "1"]
[SourceVersionDate "2023.09.30"]
[SourceQuality "1"]
[WhiteTeam "Denizli Ihtisas"]
[BlackTeam "Ordu Gul Bahcesi"]
[WhiteTeamCountry "TUR"]
[BlackTeamCountry "TUR"]

1. e4 c5 2. Nf3 d6 3. c3 g6 4. h3 Bg7 5. d4 cxd4 6. cxd4 Nf6 7. Nc3 Nc6 8. Bd3 h6 9. Be3 0-0 10. Qd2 Kh7 11. Rd1 e5 12. d5 Ne7 13. a4 Ne8 14. g4 f5 15. exf5 gxf5 16. Nh4 e4 17. Bc2 Nxd5 18. Nxf5 Nxc3 19. Nxg7 Nxd1 20. Bxe4+ Kxg7 21. Bxh6+ Kh8 22. Bxf8 Qf6 23. Qd5 Ng7 24. Bxg7+ Kxg7 25. Kxd1 Rb8 26. g5 Qxb2 27. Qxd6 Be6 28. Qe7+ Bf7 29. g6 Qb3+ 30. Kd2 Qa2+ 31. Ke3 Qb3+ 32. Kf4 Rf8 33. Rg1 Kh6 34. g7 Re8 35. Qf6+ 1-0

[Event "TUR-chT 2nd League"]
[Site "Konya"]
[Date "2022.08.28"]
[Round "9.11"]
[White "Erdogan, Yunus Emre"]
[Black "Darban Vaighani, Morteza"]
[Result "0-1"]
[WhiteElo "1833"]
[BlackElo "2345"]
[PlyCount "82"]
[EventDate "2022.08.22"]
[EventType "team-swiss"]
[EventRounds "9"]
[EventCountry "TUR"]
[SourceTitle "CBM 210 Extra"]
[Source "ChessBase"]
[SourceDate "2022.11.30"]
[SourceVersion "1"]
[SourceVersionDate "2022.11.30"]
[SourceQuality "1"]
[WhiteTeam "Denizli Ihtisas"]
[BlackTeam "Mersin Altin Piyon"]
[WhiteTeamCountry "TUR"]
[BlackTeamCountry "TUR"]

1. e4 c5 2. Nf3 a6 3. c3 d5 4. exd5 Qxd5 5. d4 Nf6 6. Be2 g6 7. Na3 cxd4 8. Bc4 Qd6 9. Qb3 e6 10. Bg5 Ne4 11. Bd3 Nxg5 12. Nxg5 Nd7 13. Nc4 Qf4 14. h4 b5 15. Nd2 Nc5 16. Qc2 dxc3 17. Qxc3 Qe5+ 18. Be4 Qxc3 19. bxc3 Nxe4 20. Ngxe4 f5 21. Ng3 Bg7 22. h5 Bb7 23. Ne2 Bxg2 24. Rg1 Bd5 25. Nf4 Bxc3 26. Rc1 b4 27. Ke2 Bxa2 28. hxg6 hxg6 29. Rxg6 0-0-0 30. Nb1 Bxb1 31. Rxb1 Rd6 32. Nd3 a5 33. Rc1 Rh3 34. Rd1 b3 35. f3 Rh2+ 36. Ke3 Kc7 37. Rc1 Rc2 38. Rh1 Bd2+ 39. Ke2 Bf4+ 40. Ke1 Rxd3 41. Rh7+ Kd6 0-1

[Event "TUR-chT 2nd League"]
[Site "Konya"]
[Date "2022.08.27"]
[Round "8.10"]
[White "Erdogan, Yunus Emre"]
[Black "Bek, Emir"]
[Result "1/2-1/2"]
[WhiteElo "1833"]
[BlackElo "1831"]
[PlyCount "72"]
[EventDate "2022.08.22"]
[EventType "team-swiss"]
[EventRounds "9"]
[EventCountry "TUR"]
[SourceTitle "CBM 210 Extra"]
[Source "ChessBase"]
[SourceDate "2022.11.30"]
[SourceVersion "1"]
[SourceVersionDate "2022.11.30"]
[SourceQuality "1"]
[WhiteTeam "Denizli Ihtisas"]
[BlackTeam "Gulbahcesi Egitim"]
[WhiteTeamCountry "TUR"]
[BlackTeamCountry "TUR"]

1. e4 c5 2. Nc3 Nc6 3. f4 e6 4. Bb5 Nd4 5. Nf3 a6 6. Bd3 Ne7 7. Nxd4 cxd4 8. Ne2 Nc6 9. 0-0 Be7 10. Kh1 0-0 11. a3 d6 12. b4 b5 13. Bb2 e5 14. f5 d5 15. exd5 Qxd5 16. Ng3 Bb7 17. f6 g6 18. fxe7 Nxe7 19. Be4 Qd7 20. Qf3 Nd5 21. Bxd5 Bxd5 22. Qf6 Rfe8 23. Qg5 Qd8 24. Qh6 Rc8 25. Rac1 f5 26. d3 Rc6 27. c3 Qa8 28. cxd4 Bxg2+ 29. Kg1 Bxf1 30. Nxf5 Rc7 31. Qg5 Rxc1 32. Nh6+ Kg7 33. Nf5+ Kg8 34. Nh6+ Kg7 35. Nf5+ Kf7 36. Nh6+ Kg7 1/2-1/2

[Event "TUR-chT 2nd League"]
[Site "Konya"]
[Date "2019.07.26"]
[Round "7.6"]
[White "Erdogan, Yunus Emre"]
[Black "Albayrak, Abdurrahman Kerem"]
[Result "1-0"]
[WhiteElo "1833"]
[BlackElo "1866"]
[PlyCount "52"]
[EventDate "2019.07.22"]
[EventType "team-swiss"]
[EventRounds "9"]
[EventCountry "TUR"]
[SourceTitle "CBM 191 Extra"]
[Source "ChessBase"]
[SourceDate "2019.09.30"]
[SourceVersion "1"]
[SourceVersionDate "2019.09.30"]
[SourceQuality "1"]
[WhiteTeam "Denizli Ihtisas"]
[BlackTeam "Istanbul Sisli"]
[WhiteTeamCountry "TUR"]
[BlackTeamCountry "TUR"]

1. e4 c5 2. Nf3 d6 3. c3 Nf6 4. h3 Nc6 5. Bd3 g6 6. Bc2 Bg7 7. 0-0 0-0 8. d4 cxd4 9. cxd4 d5 10. e5 Ne8 11. Nc3 f6 12. Re1 fxe5 13. dxe5 Nc7 14. Bb3 e6 15. Bg5 Qe8 16. Qd2 Bd7 17. h4 Rf5 18. Bc2 Nxe5 19. Bxf5 Nxf3+ 20. gxf3 gxf5 21. Rac1 Rc8 22. Rc2 Bc6 23. Ne2 Nb5 24. b4 e5 25. a4 Na3 26. b5 Bd7 1-0

[Event "TUR-chT 2nd League"]
[Site "Konya"]
[Date "2019.07.25"]
[Round "5.8"]
[White "Erdogan, Yunus Emre"]
[Black "Oztekin, Mehmet Metin"]
[Result "1-0"]
[WhiteElo "1833"]
[BlackElo "1866"]
[PlyCount "104"]
[EventDate "2019.07.22"]
[EventType "team-swiss"]
[EventRounds "9"]
[EventCountry "TUR"]
[SourceTitle "CBM 191 Extra"]
[Source "ChessBase"]
[SourceDate "2019.09.30"]
[SourceVersion "1"]
[SourceVersionDate "2019.09.30"]
[SourceQuality "1"]
[WhiteTeam "Denizli Ihtisas"]
[BlackTeam "Ceylanpinar Genclik"]
[WhiteTeamCountry "TUR"]
[BlackTeamCountry "TUR"]

1. e4 c5 2. c3 Nc6 3. d4 cxd4 4. cxd4 g6 5. d5 Nb8 6. f4 Bg7 7. Nf3 d6 8. Nc3 Nf6 9. Bd3 0-0 10. 0-0 Nbd7 11. Qe2 Nc5 12. Bc2 b6 13. Rd1 Ba6 14. Qe1 Rc8 15. e5 Nfd7 16. b4 Nb7 17. Nd4 dxe5 18. Nc6 Qe8 19. b5 Nd8 20. bxa6 Nxc6 21. dxc6 Nc5 22. fxe5 Qxc6 23. Nd5 Qe6 24. Bb2 Nd7 25. Bb3 Nxe5 26. Qh4 Rfe8 27. Re1 Qd6 28. Rad1 b5 29. Qg3 Qc5+ 30. Kh1 Nd3 31. Rxd3 Bxb2 32. Rde3 e6 33. h4 Red8 34. Nf4 Bd4 35. R3e2 Bc3 36. Rf1 Qd6 37. h5 Be5 38. hxg6 hxg6 39. Qg5 Bxf4 40. Rxf4 Rc5 41. Qf6 Rh5+ 42. Rh4 Rxh4+ 43. Qxh4 Kg7 44. Qg5 Rh8+ 45. Kg1 Qh2+ 46. Kf2 Rh5 47. Qe3 Qh4+ 48. g3 Qh1 49. Qc3+ Kh7 50. Ke3 Qg1+ 51. Kd2 Rc5 52. Qb2 Qxg3 1-0

[Event "TUR Cup										"]
[Site "Antalya"]
[Date "2018.02.01"]
[Round "9"]
[White "Erdogan, Yunus Emre"]
[Black "Yapici, Nazim"]
[Result "1-0"]
[WhiteElo "1850"]
[BlackElo "1607"]
[PlyCount "55"]
[EventDate "2018.01.27"]
[EventType "swiss"]
[EventRounds "11"]
[EventCountry "TUR"]
[SourceTitle "CBM 182 Extra"]
[Source "ChessBase"]
[SourceDate "2018.02.23"]
[SourceVersion "1"]
[SourceVersionDate "2018.02.23"]
[SourceQuality "1"]

1. e4 c5 2. d4 cxd4 3. c3 dxc3 4. Nxc3 e6 5. Bc4 Bb4 6. Bd2 Ne7 7. Nf3 a6 8. 0-0 d6 9. Qe2 Nbc6 10. Rfd1 Qc7 11. Rac1 Qb8 12. a3 Ba5 13. b4 Bc7 14. Bg5 f6 15. Be3 Ng6 16. Qa2 Kf7 17. b5 Na5 18. bxa6 bxa6 19. Rb1 Nb7 20. Nd4 d5 21. exd5 Bxh2+ 22. Kf1 Qe5 23. dxe6+ Kf8 24. Nd5 Na5 25. Nf3 Qh5 26. Bc5+ Ke8 27. Qd2 Nxc4 28. Nxf6+ 1-0

[Event "TUR Cup										"]
[Site "Antalya"]
[Date "2018.01.30"]
[Round "6"]
[White "Camdereli, Gunduz"]
[Black "Erdogan, Yunus Emre"]
[Result "1/2-1/2"]
[WhiteElo "1580"]
[BlackElo "1850"]
[PlyCount "132"]
[EventDate "2018.01.27"]
[EventType "swiss"]
[EventRounds "11"]
[EventCountry "TUR"]
[SourceTitle "CBM 182 Extra"]
[Source "ChessBase"]
[SourceDate "2018.02.23"]
[SourceVersion "1"]
[SourceVersionDate "2018.02.23"]
[SourceQuality "1"]

1. e4 c5 2. Nf3 a6 3. d4 cxd4 4. Nxd4 Nf6 5. Nc3 e5 6. Nb3 Nc6 7. Bd3 Bb4 8. 0-0 Bxc3 9. bxc3 0-0 10. Bg5 h6 11. Bd2 d5 12. exd5 Nxd5 13. Qf3 Nf6 14. h3 Be6 15. Rad1 Qe7 16. Rfe1 Rfe8 17. c4 Rad8 18. g4 Nh7 19. Qg3 Nf8 20. Bc3 f6 21. f4 exf4 22. Qxf4 Qf7 23. Nc5 Bc8 24. Ne4 Ne5 25. Bxe5 fxe5 26. Qxf7+ Kxf7 27. c5 Kg8 28. Nd6 Re7 29. Bc4+ Kh7 30. Nxc8 Rxc8 31. Rd5 Nd7 32. Rxd7 Rxd7 33. Be6 Rcc7 34. Bxd7 Rxd7 35. Rxe5 Rd2 36. c6 bxc6 37. Rc5 Rd1+ 38. Kf2 Ra1 39. Ra5 Rc1 40. Rc5 a5 41. Ke2 a4 42. Rc4 Kg6 43. Rxc6+ Kg5 44. Rc4 Kh4 45. Kd2 Ra1 46. Rxa4 Kxh3 47. Kc3 g5 48. Kb2 Rf1 49. Ra6 Kxg4 50. Rxh6 Kg3 51. a4 g4 52. a5 Kg2 53. a6 Rf5 54. Kb3 g3 55. Kb4 Rf7 56. Rg6 Kf2 57. Kb5 g2 58. Kb6 g1Q 59. Rxg1 Kxg1 60. c4 Rf6+ 61. Kb7 Rf7+ 62. Kb6 Rf6+ 63. Kb5 Rf1 64. a7 Rb1+ 65. Kc6 Ra1 66. Kb7 Rb1+ 1/2-1/2

[Event "TUR Cup										"]
[Site "Antalya"]
[Date "2018.01.30"]
[Round "5"]
[White "Erdogan, Yunus Emre"]
[Black "Celik, Cem Akin"]
[Result "0-1"]
[WhiteElo "1850"]
[BlackElo "1546"]
[PlyCount "79"]
[EventDate "2018.01.27"]
[EventType "swiss"]
[EventRounds "11"]
[EventCountry "TUR"]
[SourceTitle "CBM 182 Extra"]
[Source "ChessBase"]
[SourceDate "2018.02.23"]
[SourceVersion "1"]
[SourceVersionDate "2018.02.23"]
[SourceQuality "1"]

1. e4 e6 2. d4 d5 3. exd5 exd5 4. Nf3 Nf6 5. Bd3 Bd6 6. 0-0 0-0 7. c4 dxc4 8. Bxc4 Bg4 9. Bg5 Nbd7 10. Nbd2 c6 11. Re1 Qc7 12. Rc1 Bxh2+ 13. Kh1 Bf4 14. Bxf4 Qxf4 15. Qb3 Nb6 16. Bd3 Rfe8 17. Kg1 Be6 18. Qc2 h6 19. Ne5 Qxd4 20. Ndf3 Qb4 21. a3 Qb3 22. Qe2 Rad8 23. Rcd1 Bg4 24. Bc2 Qe6 25. Nxg4 Qxg4 26. Rxd8 Rxd8 27. Bb3 Nbd5 28. Rd1 Re8 29. Qf1 Re4 30. Bc2 Re8 31. Rd4 Nf4 32. Bd1 N6d5 33. Rd2 Qg6 34. g3 Ne6 35. Bc2 Qf6 36. Qd3 g6 37. Nh2 Ng5 38. Ng4 Nf3+ 39. Kh1 Re1+ 40. Kg2 0-1

[Event "Kemer Turkey Cup"]
[Site "Kemer"]
[Date "2014.02.06"]
[Round "7"]
[White "Alagoz, Mahmut"]
[Black "Erdogan, Yunus Emre"]
[Result "1-0"]
[WhiteElo "1759"]
[BlackElo "1553"]
[PlyCount "77"]
[EventDate "2014.02.01"]
[EventType "swiss"]
[EventRounds "9"]
[EventCountry "TUR"]
[SourceTitle "CBM 158 Extra"]
[Source "ChessBase"]
[SourceDate "2014.02.28"]
[SourceVersion "1"]
[SourceVersionDate "2014.02.28"]
[SourceQuality "1"]

1. d4 d5 2. c4 e6 3. Nc3 Nf6 4. Nf3 Nbd7 5. Bg5 c6 6. e3 Qa5 7. Bxf6 Nxf6 8. Nd2 Bb4 9. Qc2 Bxc3 10. bxc3 0-0 11. Bd3 h6 12. 0-0 dxc4 13. Nxc4 Qc7 14. Ne5 c5 15. Rac1 b6 16. f4 Bb7 17. f5 Nd5 18. fxe6 Nxe3 19. exf7+ Rxf7 20. Rxf7 Qxf7 21. Nxf7 Nxc2 22. Nd6 Bxg2 23. Rxc2 Bd5 24. dxc5 bxc5 25. Be4 Bxe4 26. Nxe4 Rc8 27. c4 g5 28. Rb2 Rc7 29. Kf2 Kf7 30. Ke3 h5 31. Nxg5+ Kf6 32. Ne4+ Kf5 33. Rb5 Re7 34. Rxc5+ Kg4 35. Rg5+ Kh4 36. c5 Re6 37. Kd4 Re7 38. Rxh5+ Kg4 39. Nf6+ 1-0